| 000 | 00546nam a2200229Ia 4500 | ||
|---|---|---|---|
| 005 | 20250425162118.0 | ||
| 008 | 250425s9999 xx 000 0 und d | ||
| 041 | _aspa | ||
| 082 | _a621.388 | ||
| 100 | _aSCHURE, ALEXANDER | ||
| 245 | 0 | _aTELEVISION BASICA: EL RECEPTOR | |
| 250 | _a1A ED. | ||
| 260 | _aBARCELONA | ||
| 260 |
_aEspaña _bMARCOMBO _c1967 |
||
| 300 | _a145 | ||
| 650 | _aLINEAS DE TRANSMISION | ||
| 650 | _aRECEPTORES | ||
| 650 | _aTELEVISION | ||
| 700 |
_aLUIS IBAÑEZ _etraductor |
||
| 942 | _c01 | ||
| 010 | _a50751 | ||
| 999 |
_c222557 _d222557 |
||